000
00212 a2200109 4500
020
_a
9780061126161
041
_a
spa
100
_a
Garland, Michael
245
_a
El tesoro de noelle
942
_c
BK
952
_7
1
999
_c
16871
_d
16871